000 01458nam0a2200433 4500
001 RU\NLR\bibl\1390817
005 20250615200843.0
010 _a978-5-8112-3465-3
_97000
021 _aRU
_b2009-37842
_92297
035 _a(nilc)EL/0000243538
035 _aRU\NLR\bibl\1348633
035 _aRU\LSL\Books\2532450
035 _a(NLR Aleph) 001382858
090 _a1113130
_c1113130
100 _a20090113d2009 |||y0rusy50 ca
101 0 _arus
102 _aRU
105 _aa |||||||||
200 1 _aМодульное оригами
_fВ.В. Гончар
205 _a2-е изд.
210 _aМосква
_cАйрис Пресс
_d2009
215 _a105, [1] с., [4] л. цв. ил.
_cил.
_d24
225 1 _aВнимание: дети!
606 1 _aМодульное оригами
_xКонструирование детское
_92180764
_3RU\NLR\AUTH\6601547991
686 _aЩ125.9
_vLBC/SL
_2rubbk
686 _aШ99
_vLBC/SL
_2rubbk
686 _aЧ426.83
686 _aЧ491.847
700 1 _aГончар
_bВ. В.
_gВалентина Васильевна
_4070
801 0 _aRU
_bНБ Казанского ГУ
_c20090113
_gRCR
801 1 _aRU
_bНБ Казанского ГУ
_c20090113
801 2 _aRU
_bНБ Казанского ГУ
_c20090130
_gRCR
801 3 _aRU
_bNLR
_c20090330
_grcr
801 2 _aRU
_bNLR
_c20090709
_grcr
830 _aпо кн
942 _cBOOK
980 _aNB